Understanding emerging markets: (Record no. 16988)

MARC details
000 -LEADER
fixed length control field 00897nam a22002417a 4500
005 - DATE AND TIME OF LATEST TRANSACTION
control field 2008102006326.0
008 - FIXED-LENGTH DATA ELEMENTS--GENERAL INFORMATION
fixed length control field 081020t xxu||||| |||| 00| 0 eng d
010 ## - LIBRARY OF CONGRESS CONTROL NUMBER
LC control number ENG-84021
020 ## - INTERNATIONAL STANDARD BOOK NUMBER
International Standard Book Number 8178297163
020 ## - INTERNATIONAL STANDARD BOOK NUMBER
Terms of availability 295.00 (pbk)
035 ## - SYSTEM CONTROL NUMBER
System control number EN-67554
082 ## - DEWEY DECIMAL CLASSIFICATION NUMBER
Classification number 338.5091724
100 ## - MAIN ENTRY--PERSONAL NAME
Personal name Pelle, Stefano
245 ## - TITLE STATEMENT
Title Understanding emerging markets:
Remainder of title building business BRIC by Brick /
Statement of responsibility, etc by Stefano Pelle
260 ## - PUBLICATION, DISTRIBUTION, ETC. (IMPRINT)
Place of publication, distribution, etc New Delhi
Name of publisher, distributor, etc Response Books
260 ## - PUBLICATION, DISTRIBUTION, ETC. (IMPRINT)
Date of publication, distribution, etc 2007
300 ## - PHYSICAL DESCRIPTION
Extent 246p
Dimensions 21cm
500 ## - GENERAL NOTE
General note Includes bibliographical references and index
650 ## - SUBJECT ADDED ENTRY--TOPICAL TERM
Topical term or geographic name as entry element Developing countries-economic conditions
650 ## - SUBJECT ADDED ENTRY--TOPICAL TERM
Topical term or geographic name as entry element Developing countries-economic policy
942 ## - ADDED ENTRY ELEMENTS (KOHA)
Source of classification or shelving scheme Dewey Decimal Classification
Koha item type English Books
Classification part 338.5091724
Call number suffix PEL
Holdings
Withdrawn status Lost status Source of classification or shelving scheme Damaged status Not for loan Collection code Home library Current library Date acquired Cost, normal purchase price Total Checkouts Full call number Barcode Date last seen Copy number Cost, replacement price Price effective from Koha item type
    Dewey Decimal Classification   Not For Loan Non-fiction D.B.Act.Division D.B.Act.Division 22/02/2007 295.00   338.5091724 PEL EN-67554 21/10/2008 1 295.00 21/10/2008 English Books

© Delhi Public Library
Hit Counter
free hit counter